000 00350nam a2200145Ia 4500
008 230312s9999||||xx |||||||||||||| ||und||
020 _a988-15452-3-7
082 _a712
_bWEG-H
100 _aWegner;Luc
245 0 _aHarmony Between Architecture & Scenery
260 _bMedia
_aChina
_c2013
300 _a271
650 _aArchitecture
942 _cBK
999 _c12063
_d12063